Statistics for 下辖区县/代管县级市最多的9个地级行政区

Click here to take the quiz!

General Stats

  • This quiz has been taken 19 times
    (17 since last reset)
  • The average score is 7 of 9

Answer Stats

总数下辖/代管地级行政区% Correct
245区15县4市保定市
94%
228区11县3市石家庄市
94%
186区11县1市邯郸市
94%
184区12县2市邢台市
88%
2012区3县5市成都市
81%
1817县1市甘孜藏族自治州
81%
189区7县2市哈尔滨市
56%
183区13县2市赣州市
50%
181区17县日喀则市
25%

Score Distribution

Percentile by Number Answered

Percent of People with Each Score

Your Score History

You have not taken this quiz since the last reset